| 000 | 00594nam a22001937a 4500 | ||
|---|---|---|---|
| 999 |
_c195250 _d195250 |
||
| 005 | 20230317153815.0 | ||
| 010 | _aENG-136403 | ||
| 020 |
_a9788194920663 _c180.00 |
||
| 035 | _aEN-119935 | ||
| 037 | _bDBAD/PUB | ||
| 082 | _a881 | ||
| 100 | _aAnand,Jernail | ||
| 245 |
_aThe Luminous Halo / _cBy Jernail Singh Anand |
||
| 250 | _a2021 | ||
| 260 |
_bThe Poetry Society Of India _c2021 _aHaryana |
||
| 270 |
_aH-23,/16, DLF Phase -1, Gurugram _bHaryana _k01244054392 _k9811842292 _mthepoetrysoindia@gmail.com |
||
| 300 | c |
_aviii45p. _c20cm(pbk) |
|
| 942 |
_2ddc _cEN _mJER _h881 |
||